以铁路网认中国城市(华东篇) Chinese cities by railway maps - Statistics

General Stats
  • This quiz has been taken 23 times
  • The average score is 13 of 21
Answer Stats
Picture Answer % Correct
上海
90%
南京
86%
无锡/苏州/常州
86%
杭州
86%
合肥
81%
徐州
76%
扬州/镇江
76%
宁波
76%
南昌
71%
淮安
57%
福州
57%
南通
52%
温州
52%
厦门
52%
台州
48%
金华
48%
上饶
48%
蚌埠
38%
黄山
29%
赣州
24%
九江
19%
No matching quizzes found
Score Distribution
Percent of People with Each Score
Percentile by Number Answered
Your Score History
You have not taken this quiz